[Event "EU-ch Seniors 50 (Women)"]
[Site "Acqui Terme"]
[Date "2023.05.26"]
[Round "1"]
[White "Ni, Polina"]
[Black "Dubois, Martine"]
[Result "1-0"]
[WhiteElo "1892"]
[BlackElo "1753"]
[PlyCount "94"]
[EventDate "2023.05.26"]
[EventType "swiss"]
[EventRounds "9"]
[EventCountry "ITA"]
[SourceTitle "CBM 214 Extra"]
[Source "ChessBase"]
[SourceDate "2023.07.31"]
[SourceVersion "1"]
[SourceVersionDate "2023.07.31"]
[SourceQuality "1"]

1. e4 d5 2. exd5 Qxd5 3. Nc3 Qd6 4. d4 Nf6 5. Bd3 c6 6. Nge2 Bg4 7. f3 Bh5 8. Bf4 Qd8 9. g4 Bg6 10. Bxg6 hxg6 11. Qd3 e6 12. 0-0-0 Bd6 13. Ne4 Bxf4+ 14. Nxf4 Qc7 15. Nxf6+ gxf6 16. Qd2 Nd7 17. Nd3 0-0-0 18. Qf2 Nb6 19. f4 Nd5 20. c4 Ne7 21. Kb1 Kb8 22. h4 Qd6 23. Nc5 f5 24. g5 Ka8 25. Rh3 b6 26. Nb3 a5 27. c5 Qc7 28. cxb6 Qxb6 29. Nxa5 Rd7 30. Rb3 Qa6 31. Ra3 Ra7 32. Nb3 Qb6 33. Rxa7+ Kxa7 34. Nc5 Ka8 35. Rd3 Nc8 36. Rb3 Qc7 37. Rb7 Qa5 38. Rxf7 Nd6 39. Re7 Nc4 40. Rxe6 Nd2+ 41. Kc1 Nc4 42. Rxc6 Nb6 43. Rxg6 Re8 44. Qf3+ Re4 45. Nxe4 Qe1+ 46. Qd1 Qxe4 47. Rxb6 Qxf4+ 1-0

[Event "Arco Christmas op 12th"]
[Site "Arco"]
[Date "2022.12.27"]
[Round "2"]
[White "Ni, Polina"]
[Black "Lezzerini, Marco"]
[Result "0-1"]
[WhiteElo "1894"]
[BlackElo "2107"]
[PlyCount "114"]
[EventDate "2022.12.26"]
[EventType "swiss"]
[EventRounds "7"]
[EventCountry "ITA"]
[SourceTitle "CBM 212 Extra"]
[Source "ChessBase"]
[SourceDate "2023.03.31"]
[SourceVersion "1"]
[SourceVersionDate "2023.03.31"]
[SourceQuality "1"]

1. e4 c5 2. Nf3 e6 3. d4 cxd4 4. Nxd4 Nf6 5. Nc3 d6 6. Be3 Be7 7. f3 0-0 8. Qd2 d5 9. exd5 Nxd5 10. Nxd5 Qxd5 11. Nb5 Qxd2+ 12. Bxd2 Nc6 13. 0-0-0 Rd8 14. Bc4 a6 15. Nc3 b5 16. Bd3 f5 17. f4 Nb4 18. Be2 Bb7 19. a3 Nd5 20. Bf3 Nxc3 21. Bxb7 Nxd1 22. Bxa8 Nxb2 23. Kxb2 Rxa8 24. Bc3 Rd8 25. h3 Kf7 26. g4 Bd6 27. gxf5 exf5 28. h4 g6 29. Rf1 Rc8 30. Bd4 Rc4 31. c3 Ra4 32. h5 Bxa3+ 33. Kb3 Bd6 34. hxg6+ hxg6 35. Kc2 a5 36. Kd3 Ra3 37. Kc2 Ra2+ 38. Kd3 Rb2 39. Ke3 a4 40. Rh1 a3 41. Rh7+ Ke6 42. Ra7 Rg2 43. Ra6 Kd5 44. Kf3 Rg4 45. Be3 g5 46. fxg5 Ra4 47. Rxa4 bxa4 48. Bc1 a2 49. Bb2 a3 50. Ba1 Be5 51. Ke3 Kc4 52. g6 Kb3 53. Kd3 Bg7 54. Kd2 f4 55. Kd3 f3 56. Ke3 Kc2 57. Kxf3 Kb1 0-1

[Event "Milan Crespi op-C 35th"]
[Site "Milan"]
[Date "2014.12.07"]
[Round "5"]
[White "Ni, Polina"]
[Black "Andolfatto, Maria"]
[Result "1-0"]
[WhiteElo "1864"]
[BlackElo "1751"]
[PlyCount "89"]
[EventDate "2014.12.04"]
[EventType "swiss"]
[EventRounds "7"]
[EventCountry "ITA"]
[SourceTitle "EXT 2017"]
[Source "ChessBase"]
[SourceDate "2016.10.25"]
[SourceVersion "1"]
[SourceVersionDate "2016.10.25"]
[SourceQuality "1"]

1. e4 e5 2. Nf3 Nc6 3. Bb5 Nd4 4. Bc4 Nxf3+ 5. Qxf3 Qf6 6. Qg3 h6 7. Nc3 c6 8. 0-0 Bc5 9. d3 Ne7 10. Be3 Bd6 11. f4 Rf8 12. fxe5 Bxe5 13. Rxf6 Bxg3 14. Rf3 Bc7 15. Raf1 f6 16. d4 d6 17. Bf4 Ng6 18. Bg3 Bg4 19. R3f2 0-0-0 20. h3 Bh5 21. Rf5 Nf4 22. Bxf4 Bg6 23. Be6+ Kb8 24. Be3 Bxf5 25. Rxf5 Bb6 26. Na4 Bc7 27. c4 Ka8 28. b4 Rb8 29. Rf3 Rfe8 30. d5 Re7 31. Bd4 b5 32. cxb5 Rxb5 33. a3 a5 34. Rb3 Rb8 35. Rb2 h5 36. Kf2 Bd8 37. Kf3 Bc7 38. Ke3 Bd8 39. Kd3 Bc7 40. Kc4 Bd8 41. Rb3 Bc7 42. Bf5 cxd5+ 43. Kxd5 Rb7 44. b5 h4 45. b6 1-0

[Event "Milan Crespi op-C 35th"]
[Site "Milan"]
[Date "2014.12.06"]
[Round "4"]
[White "Pollio, Ciro"]
[Black "Ni, Polina"]
[Result "1/2-1/2"]
[WhiteElo "1774"]
[BlackElo "1864"]
[PlyCount "47"]
[EventDate "2014.12.04"]
[EventType "swiss"]
[EventRounds "7"]
[EventCountry "ITA"]
[SourceTitle "EXT 2017"]
[Source "ChessBase"]
[SourceDate "2016.10.25"]
[SourceVersion "1"]
[SourceVersionDate "2016.10.25"]
[SourceQuality "1"]

1. d4 f5 2. c4 Nf6 3. Nc3 e6 4. Bg5 Be7 5. Bxf6 Bxf6 6. e4 fxe4 7. Nxe4 0-0 8. Nf3 d6 9. Bd3 Nc6 10. Nxf6+ Qxf6 11. 0-0 Bd7 12. a3 a5 13. Qc2 Qh6 14. Be4 Rae8 15. Rad1 Qh5 16. d5 Nd8 17. c5 e5 18. cxd6 cxd6 19. Qc7 Bg4 20. Rd3 Rf6 21. Nd2 Ref8 22. Rg3 Nf7 23. f3 Bc8 24. Rc1 1/2-1/2

[Event "EU-ch rapid"]
[Site "Warsaw"]
[Date "2010.12.18"]
[Round "1"]
[White "Korobov, Anton"]
[Black "Ni, Polina"]
[Result "1-0"]
[WhiteElo "2684"]
[BlackElo "1874"]
[PlyCount "53"]
[EventDate "2010.12.18"]
[EventType "swiss (rapid)"]
[EventRounds "13"]
[EventCountry "POL"]
[SourceTitle "CBM 139 Extra"]
[Source "ChessBase"]
[SourceDate "2011.01.05"]
[SourceVersion "1"]
[SourceVersionDate "2011.01.05"]
[SourceQuality "1"]

1. d4 Nf6 2. c4 e6 3. Nf3 b6 4. Nc3 Bb4 5. Bg5 h6 6. Bh4 Bb7 7. Nd2 Bxc3 8. bxc3 d6 9. f3 Nbd7 10. e4 e5 11. Bd3 0-0 12. Nf1 c5 13. Ne3 g5 14. Bf2 Nh5 15. Nf5 Qf6 16. h4 Nf4 17. hxg5 Qxg5 18. Nxh6+ Kg7 19. Nf5+ Kg8 20. g3 Ng6 21. Be3 Qf6 22. d5 Bc8 23. Qd2 Qd8 24. Qh2 Nf6 25. Bg5 Re8 26. g4 Bxf5 27. gxf5 1-0

[Event "Kesarovski Georgiev Memorial 9th"]
[Site "Sunny Beach"]
[Date "2010.09.03"]
[Round "7"]
[White "Ni, Polina"]
[Black "Dmochowska, Agnieszka"]
[Result "1-0"]
[WhiteElo "1895"]
[BlackElo "1597"]
[PlyCount "105"]
[EventDate "2010.08.28"]
[EventType "swiss"]
[EventRounds "9"]
[EventCountry "BUL"]
[SourceTitle "CBM 138 Extra"]
[Source "ChessBase"]
[SourceDate "2010.10.29"]
[SourceVersion "1"]
[SourceVersionDate "2010.10.29"]
[SourceQuality "1"]

1. e4 c5 2. Nf3 d6 3. d4 cxd4 4. Nxd4 Nf6 5. Nc3 Nc6 6. Bc4 e5 7. Nb3 Be6 8. Bxe6 fxe6 9. Bg5 Be7 10. Bxf6 Bxf6 11. Qh5+ g6 12. Qg4 Qe7 13. 0-0-0 a5 14. Nb5 Rd8 15. a4 0-0 16. h4 d5 17. h5 Bg5+ 18. Kb1 Rf4 19. Qh3 Rxe4 20. hxg6 h6 21. Nc5 Rh4 22. Qxe6+ Qxe6 23. Nxe6 Rxh1 24. Rxh1 Rd7 25. Nxg5 hxg5 26. Rh5 Re7 27. Rxg5 Kg7 28. Kc1 Kf6 29. g7 Rxg7 30. Rxg7 Kxg7 31. Nd6 Nd8 32. Kd2 Kf6 33. c3 Ke6 34. Nb5 Nc6 35. Ke3 Kf6 36. Nd6 Nd8 37. b4 Ke6 38. Ne8 Ke7 39. Nc7 Kd6 40. Nb5+ Ke6 41. bxa5 Nc6 42. a6 bxa6 43. Nc7+ Kd6 44. Nxa6 Na5 45. Nb4 Kc5 46. Nd3+ Kd6 47. g4 Nc4+ 48. Ke2 e4 49. Nb4 Kc5 50. g5 Ne5 51. a5 Ng6 52. a6 Kb6 53. Ke3 1-0

[Event "Kesarovski Georgiev Memorial 9th"]
[Site "Sunny Beach"]
[Date "2010.08.30"]
[Round "3"]
[White "Silhavy, Miroslav"]
[Black "Ni, Polina"]
[Result "1-0"]
[WhiteElo "1750"]
[BlackElo "1895"]
[PlyCount "89"]
[EventDate "2010.08.28"]
[EventType "swiss"]
[EventRounds "9"]
[EventCountry "BUL"]
[SourceTitle "CBM 138 Extra"]
[Source "ChessBase"]
[SourceDate "2010.10.29"]
[SourceVersion "1"]
[SourceVersionDate "2010.10.29"]
[SourceQuality "1"]

1. e4 Nf6 2. e5 Nd5 3. d4 d6 4. f4 dxe5 5. fxe5 Bf5 6. a3 e6 7. Nf3 Be7 8. Bb5+ c6 9. Be2 Bh4+ 10. g3 Be7 11. 0-0 Bh3 12. Rf2 h5 13. c4 Nb6 14. Nc3 h4 15. Ne4 hxg3 16. hxg3 Bf5 17. Nd6+ Bxd6 18. exd6 Qxd6 19. c5 Qxg3+ 20. Rg2 Qh3 21. cxb6 axb6 22. Bf4 Be4 23. Bh2 Nd7 24. Rc1 Nf6 25. Rc3 Ng4 26. Qf1 Nxh2 27. Rxh2 Qxf1+ 28. Bxf1 Rxh2 29. Nxh2 Rd8 30. Rc4 f5 31. Rb4 b5 32. Be2 g5 33. Nf1 g4 34. Ng3 Bd5 35. Nh5 Ke7 36. Nf4 Be4 37. Nd3 Rh8 38. Nc5 Rh1+ 39. Kf2 Rh2+ 40. Ke3 Bd5 41. Nd3 Kd8 42. Nf4 Be4 43. Nxe6+ Kd7 44. Nf4 Kd6 45. a4 1-0

[Event "Augustow op"]
[Site "Augustow"]
[Date "2009.06.21"]
[Round "3.3"]
[White "Usakovas, Jevgenijus"]
[Black "Ni, Polina"]
[Result "1-0"]
[WhiteElo "2165"]
[BlackElo "1914"]
[PlyCount "57"]
[EventDate "2009.06.20"]
[EventType "swiss"]
[EventRounds "9"]
[EventCountry "POL"]
[SourceTitle "CBM 131 Extra"]
[Source "ChessBase"]
[SourceDate "2009.09.03"]
[SourceVersion "2"]
[SourceVersionDate "2009.09.16"]
[SourceQuality "1"]

1. c4 Nf6 2. Nc3 e6 3. d4 Bb4 4. Qc2 b6 5. e4 Bb7 6. Bd3 Bxc3+ 7. bxc3 d6 8. Ne2 Nbd7 9. 0-0 Qe7 10. f4 0-0-0 11. e5 Ne8 12. a4 a5 13. Ba3 Qh4 14. Rae1 g5 15. Be4 f5 16. Bxb7+ Kxb7 17. c5 dxc5 18. dxc5 gxf4 19. Nxf4 Ng7 20. Qe2 Rhg8 21. c6+ Ka7 22. cxd7 Rxd7 23. g3 Qg5 24. Rd1 Rxd1 25. Rxd1 h5 26. Rd7 Kb8 27. Be7 Qh6 28. Qc4 Rc8 29. Bf8 1-0

[Event "Rewal op-B 13th"]
[Site "Rewal"]
[Date "2008.08.28"]
[Round "9"]
[White "Wozniak, Bartosz"]
[Black "Ni, Polina"]
[Result "1/2-1/2"]
[WhiteElo "1737"]
[BlackElo "1925"]
[PlyCount "27"]
[EventDate "2008.08.19"]
[EventType "swiss"]
[EventRounds "9"]
[EventCountry "POL"]
[SourceTitle "CBM 126 Extra"]
[Source "ChessBase"]
[SourceDate "2008.11.05"]
[SourceVersion "1"]
[SourceVersionDate "2008.11.05"]
[SourceQuality "1"]

1. e4 Nf6 2. Nc3 d5 3. exd5 Nxd5 4. Bc4 c6 5. Bxd5 cxd5 6. d4 Nc6 7. Nf3 Bg4 8. Be3 e6 9. 0-0 a6 10. h3 Bh5 11. Rb1 Bd6 12. Re1 0-0 13. a3 Rc8 14. Na2 1/2-1/2

[Event "Wroclaw Polonia op 3rd"]
[Site "Wroclaw"]
[Date "2008.06.25"]
[Round "6"]
[White "Ni, Polina"]
[Black "Pawlowski, Dariusz"]
[Result "1/2-1/2"]
[WhiteElo "1925"]
[BlackElo "1728"]
[PlyCount "30"]
[EventDate "2008.06.21"]
[EventType "swiss"]
[EventRounds "9"]
[EventCountry "POL"]
[SourceTitle "CBM 125 Extra"]
[Source "ChessBase"]
[SourceDate "2008.09.01"]
[SourceVersion "1"]
[SourceVersionDate "2008.09.01"]
[SourceQuality "1"]

1. e4 c5 2. Nf3 d6 3. d4 cxd4 4. Nxd4 Nf6 5. Nc3 a6 6. Bc4 e6 7. Bb3 Be7 8. Be3 0-0 9. Qe2 b5 10. f3 b4 11. Na4 Bd7 12. 0-0 Qa5 13. a3 bxa3 14. Rxa3 Bxa4 15. Rxa4 Qh5 1/2-1/2

[Event "EU Maccabi Games 12th"]
[Site "Rome"]
[Date "2007.07.05"]
[Round "1"]
[White "Grunberg, Mihai Lucian"]
[Black "Ni, Polina"]
[Result "1-0"]
[WhiteElo "2472"]
[BlackElo "1974"]
[PlyCount "105"]
[EventDate "2007.07.05"]
[EventType "swiss"]
[EventRounds "7"]
[EventCountry "ITA"]
[SourceTitle "CBM 119 Extra"]
[Source "ChessBase"]
[SourceDate "2007.09.04"]
[SourceVersion "1"]
[SourceVersionDate "2007.09.04"]
[SourceQuality "1"]

1. Nf3 Nf6 2. c4 e6 3. g3 d5 4. Bg2 Bd6 5. 0-0 0-0 6. d4 c6 7. Qc2 Nbd7 8. Rd1 Ne4 9. b3 f5 10. e3 Ndf6 11. Ne5 Bc7 12. a4 a5 13. Ba3 Bd6 14. f3 Ng5 15. Nc3 Qe7 16. Bxd6 Qxd6 17. Rd2 Bd7 18. Ne2 Rac8 19. c5 Qe7 20. Nf4 Rb8 21. Qc3 Qd8 22. Nxd7 Qxd7 23. Qxa5 Nf7 24. Nd3 Rfe8 25. Qc3 Ra8 26. b4 Qc7 27. b5 Qa5 28. Qxa5 Rxa5 29. bxc6 bxc6 30. Rb2 Rea8 31. Rb6 Nd7 32. Rxc6 Nd8 33. Rd6 Nf8 34. Ne5 Nf7 35. Nxf7 Kxf7 36. e4 Rxa4 37. Rxa4 Rxa4 38. exd5 Rxd4 39. dxe6+ Nxe6 40. Rxd4 Nxd4 41. f4 Ke6 42. Kf2 Nb3 43. c6 Kd6 44. Ke3 Na5 45. Kd4 Nb3+ 46. Kc4 Nd2+ 47. Kb5 Kc7 48. Kc5 g6 49. Kd5 Nb3 50. Ke5 Nd2 51. Kf6 Ne4+ 52. Kg7 Kxc6 53. Kxh7 1-0